LEADER 01110nam 2200361 450 001 9910827200203321 005 20230814224919.0 010 $a1-68108-709-X 035 $a(CKB)4100000007009011 035 $a(MiAaPQ)EBC5553424 035 $a(EXLCZ)994100000007009011 100 $a20181106d2018 uy 0 101 0 $aeng 135 $aurcnu|||||||| 181 $ctxt$2rdacontent 182 $cc$2rdamedia 183 $acr$2rdacarrier 200 00$aEssential techniques for medical and life scientists$hPart 1 $ea guide to contemporary methods and current applications with the protocols /$fedited by Yusuf Tutar 210 1$aSharjah, UAE :$cBentham Science Publishers,$d[2018] 210 4$dİ2018 215 $a1 online resource (137 pages) 311 $a1-68108-710-3 606 $aMedical sciences 615 0$aMedical sciences. 676 $a618 702 $aTutar$b Yusuf 801 0$bMiAaPQ 801 1$bMiAaPQ 801 2$bMiAaPQ 906 $aBOOK 912 $a9910827200203321 996 $aEssential techniques for medical and life scientists$93950105 997 $aUNINA